000 00435nam a22001697a 4500
005 20160519110149.0
008 160519b xxu||||| |||| 00| 0 eng d
020 _a81-203-2303-3
041 _aeng
082 _b3122
100 _aMouhammed A.H.
_9782
245 _aQuantitative Methods for Business and Economics
260 _aNew Delhi
_bPrentice hall of India,
_c2003
300 _a378
650 _aManagement
_9241
942 _cBK
999 _c1074
_d1074